LEADER 01264nam a2200277 4500 001 000000356694 003 CaOOAMICUS 005 20240117093132.0 008 240110s1985 fr 000 u fre r 020 $a2-227-43301-9 040 $aSeMil$bita 245 14$aLes laïcs :$bleur mission dans l'Église et dans le monde /$cpreface de Jean Gelamur. 264 1$aParis :$bCenturion,$c1985. 300 $a381 p. ;$c22 cm 490 1 $aLes dossiers de la documentation catholique ;$v1 650 4$aLaici - Chiesa.$0(OLS)http://semarc/subject/12437 650 4$aLaici - [Partecipazione alla vita della] Chiesa - Sec. 20.-21.$0(OLS)http://semarc/subject/16247 700 1 $aGelamur, Jean.$0(OLS)http://semarc/name/118920 830 4$aLes dossiers de la documentation catholique ;$v1.$0(OLS)http://semarc/title/446948 850 $aSeMil 852 $aSeMil$W1$xVenegono$y1$m2B VII 100$j246944$B247883$CSeMilBibl$Z2$F247883 $81 961 $aCitrini don Tullio - Omaggio 996 $6020$a2-227-43301-9$9(OLS)http://semarc/number/299608 996 $6245$aLes laïcs :$bleur mission dans l'Église et dans le monde$9(OLS)http://semarc/title/446947 996 $6264$aParis :$bCenturion$9(OLS)http://semarc/publisher/32415 LEADER 01334nam a2200301 i 4500 001 000000116088 003 CaOOAMICUS 005 20030609000000.0 008 030609s1995 it u000 u ita u 013 $a88777 020 $a88-315-1125-4 040 $aSeMil$bita 245 10$aLaici e laicità nei primi secoli della Chiesa /$ca cura di Antonio dal Covolo ... [et al.] ; postfazione di Paolo Siniscalco. 260 $aMilano :$bPaoline,$c1995. 300 $a435 p. ;$c20 cm. 490 0 $aLetture cristiane del primo millennio ;$v21 500 $aFondo Card. C.M. Martini. 650 4$aLaicato - Concezione patristica - Sec. 1.-3.$0(OLS)http://semarc/subject/21346 700 1 $aSiniscalco, Paolo,$d<1931-2022>.$0(OLS)http://semarc/name/89100 700 1 $aDal Covolo, Antonio <1912- >.$0(OLS)http://semarc/name/15395 830 0$aLetture cristiane del primo millennio ;$v21.$0(OLS)http://semarc/title/7869 850 $aSeMil 852 $aSeMil$W1$xVenegono$y1$m2NA H 21$j260176$B71569$CSeMilBibl$Z2$F76860 $81 941 1 $a4 961 $aOmaggio: Martini Card. Carlo Maria 996 $6020$a88-315-1125-4$9(OLS)http://semarc/number/100109 996 $6245$aLaici e laicità nei primi secoli della Chiesa$9(OLS)http://semarc/title/170169 996 $6260$aMilano :$bPaoline$9(OLS)http://semarc/publisher/29684